000 00260nam a22001217a 4500
008 170511b xxu||||| |||| 00| 0 eng d
041 _aeng
080 _26TH
_a331
100 _a15
101 _aSHJ
245 _aLABOR RELATIONS
_cSMITH, R.A
942 _2udc
_cBK
999 _c13227
_d13227